Normal view
MARC view
Entry Topical Term
001 - CONTROL NUMBER
- control field: 13122
003 - CONTROL NUMBER IDENTIFIER
- control field: BD-RjUL
005 - DATE AND TIME OF LATEST TRANSACTION
- control field: 20240521180932.0
008 - FIXED-LENGTH DATA ELEMENTS
- fixed length control field: 240521|| aca||aabn | a|a d
040 ## - CATALOGING SOURCE
- Original cataloging agency: BD-RjUL
- Transcribing agency: BD-RjUL
150 ## - HEADING--TOPICAL TERM
- Topical term or geographic name entry element: Beetle
- Form subdivision: Red flour
670 ## - SOURCE DATA FOUND
- Source citation: Work cat.: (BD-RjUL)83797: Banu, Parvin Akhter 13121, Effect of gamma radiation and cytoplasmic incompatibility in the control of indigenous strains of the red flour beetle tribolium castaneum (Herbst) / , 2005